<?xml version="1.0" encoding="UTF-8"?>
<collection xmlns="http://www.loc.gov/MARC21/slim">
 <record>
  <leader>03655noc a2200361 i 4500</leader>
  <controlfield tag="001">eta4255</controlfield>
  <controlfield tag="005">20260305154249.0</controlfield>
  <controlfield tag="008">210202s2020    hu      o     000   hun d</controlfield>
  <datafield tag="040" ind1=" " ind2=" ">
   <subfield code="a">SZTE Elektronikus Tananyag Archívum</subfield>
   <subfield code="b">hun</subfield>
  </datafield>
  <datafield tag="041" ind1=" " ind2=" ">
   <subfield code="a">hun</subfield>
  </datafield>
  <datafield tag="100" ind1="1" ind2=" ">
   <subfield code="a">Pétervári Máté</subfield>
  </datafield>
  <datafield tag="245" ind1="1" ind2="2">
   <subfield code="a">A közigazgatási és igazságszolgáltatási szervezet változásai a polgári kortól napjainkig</subfield>
   <subfield code="h">[elektronikus dokumentum] /</subfield>
   <subfield code="c"> Pétervári Máté</subfield>
  </datafield>
  <datafield tag="246" ind1="1" ind2="0">
   <subfield code="a">The changes of the public administration system and jurisdiction from civil age to today</subfield>
   <subfield code="h">[elektronikus dokumentum]</subfield>
  </datafield>
  <datafield tag="260" ind1=" " ind2=" ">
   <subfield code="c">2020-12-04</subfield>
  </datafield>
  <datafield tag="650" ind1=" " ind2="4">
   <subfield code="a">Társadalomtudományok</subfield>
  </datafield>
  <datafield tag="650" ind1=" " ind2="4">
   <subfield code="a">Politikatudomány</subfield>
  </datafield>
  <datafield tag="650" ind1=" " ind2="4">
   <subfield code="a">Közigazgatás</subfield>
  </datafield>
  <datafield tag="650" ind1=" " ind2="4">
   <subfield code="a">Bölcsészettudományok</subfield>
  </datafield>
  <datafield tag="650" ind1=" " ind2="4">
   <subfield code="a">Történettudomány és régészet</subfield>
  </datafield>
  <datafield tag="650" ind1=" " ind2="4">
   <subfield code="a">Történettudomány</subfield>
  </datafield>
  <datafield tag="695" ind1=" " ind2=" ">
   <subfield code="a">alkotmánytörténet</subfield>
  </datafield>
  <datafield tag="695" ind1=" " ind2=" ">
   <subfield code="a">közigazgatás</subfield>
  </datafield>
  <datafield tag="856" ind1="4" ind2="0">
   <subfield code="u">https://eta.bibl.u-szeged.hu/4255/56/a_kozig_es_igszolg_szerv_valtozasai.mp4</subfield>
   <subfield code="z">Dokumentum-elérés </subfield>
  </datafield>
  <datafield tag="856" ind1="4" ind2="0">
   <subfield code="u">https://eta.bibl.u-szeged.hu/4255/31/EFOP343_AP6_A%20k%C3%B6zigazgat%C3%A1si%20%C3%A9s%20igazs%C3%A1gszolg%C3%A1ltat%C3%A1si%20szervezet%20v%C3%A1ltoz%C3%A1sai%20a%20polg%C3%A1ri%20kort%C3%B3l%20napjainkig_Bevezet%C3%A9s_I._P%C3%A9terv%C3%A1ri%20M%C3%A1t%C3%A9.pdf</subfield>
   <subfield code="z">Dokumentum-elérés </subfield>
  </datafield>
  <datafield tag="856" ind1="4" ind2="0">
   <subfield code="u">https://eta.bibl.u-szeged.hu/4255/32/EFOP343_AP6_A%20k%C3%B6zigazgat%C3%A1si%20%C3%A9s%20igazs%C3%A1gszolg%C3%A1ltat%C3%A1si%20szervezet%20v%C3%A1ltoz%C3%A1sai%20a%20polg%C3%A1ri%20kort%C3%B3l%20napjainkig_Bevezet%C3%A9s_II._P%C3%A9terv%C3%A1ri%20M%C3%A1t%C3%A9.pdf</subfield>
   <subfield code="z">Dokumentum-elérés </subfield>
  </datafield>
  <datafield tag="856" ind1="4" ind2="0">
   <subfield code="u">https://eta.bibl.u-szeged.hu/4255/43/EFOP343_AP6_A%20k%C3%B6zigazgat%C3%A1si%20%C3%A9s%20igazs%C3%A1gszolg%C3%A1ltat%C3%A1si%20szervezet%20v%C3%A1ltoz%C3%A1sai%20a%20polg%C3%A1ri%20kort%C3%B3l%20napjainkig_Rendi%20kori%20el%C5%91zm%C3%A9nyek_P%C3%A9terv%C3%A1ri%20M%C3%A1t%C3%A9.pdf</subfield>
   <subfield code="z">Dokumentum-elérés </subfield>
  </datafield>
  <datafield tag="856" ind1="4" ind2="0">
   <subfield code="u">https://eta.bibl.u-szeged.hu/4255/4/EFOP343_AP6_A%20k%C3%B6zigazgat%C3%A1si%20%C3%A9s%20igazs%C3%A1gszolg%C3%A1ltat%C3%A1si%20szervezet%20v%C3%A1ltoz%C3%A1sai%20a%20polg%C3%A1ri%20kort%C3%B3l%20napjainkig_Dikaszt%C3%A9rium_P%C3%A9terv%C3%A1ri_M%C3%A1t%C3%A9.pdf</subfield>
   <subfield code="z">Dokumentum-elérés </subfield>
  </datafield>
  <datafield tag="856" ind1="4" ind2="0">
   <subfield code="u">https://eta.bibl.u-szeged.hu/4255/3/EFOP343_AP6_A%20k%C3%B6zigazgat%C3%A1si%20%C3%A9s%20igazs%C3%A1gszolg%C3%A1ltat%C3%A1si%20szervezet%20v%C3%A1ltoz%C3%A1sai%20a%20polg%C3%A1ri%20kort%C3%B3l%20napjainkig_1848.%20%C3%A9vi%20III.%20tc.-kir%C3%A1ly_P%C3%A9terv%C3%A1ri_M%C3%A1t%C3%A9.pdf</subfield>
   <subfield code="z">Dokumentum-elérés </subfield>
  </datafield>
  <datafield tag="856" ind1="4" ind2="0">
   <subfield code="u">https://eta.bibl.u-szeged.hu/4255/2/EFOP343_AP6_A%20k%C3%B6zigazgat%C3%A1si%20%C3%A9s%20igazs%C3%A1gszolg%C3%A1ltat%C3%A1si%20szervezet%20v%C3%A1ltoz%C3%A1sai%20a%20polg%C3%A1ri%20kort%C3%B3l%20napjainkig_1848.%20%C3%A9vi%20III.%20tc.-miniszt%C3%A9rium_P%C3%A9terv%C3%A1ri%20M%C3%A1t%C3%A9.pdf</subfield>
   <subfield code="z">Dokumentum-elérés </subfield>
  </datafield>
  <datafield tag="856" ind1="4" ind2="0">
   <subfield code="u">https://eta.bibl.u-szeged.hu/4255/44/EFOP343_AP6_A%20k%C3%B6zigazgat%C3%A1si%20%C3%A9s%20igazs%C3%A1gszolg%C3%A1ltat%C3%A1si%20szervezet%20v%C3%A1ltoz%C3%A1sai%20a%20polg%C3%A1ri%20kort%C3%B3l%20napjainkig_1869.IV.%20tc._P%C3%A9terv%C3%A1ri_M%C3%A1t%C3%A9.pdf</subfield>
   <subfield code="z">Dokumentum-elérés </subfield>
  </datafield>
  <datafield tag="856" ind1="4" ind2="0">
   <subfield code="u">https://eta.bibl.u-szeged.hu/4255/5/EFOP343_AP6_A%20k%C3%B6zigazgat%C3%A1si%20%C3%A9s%20igazs%C3%A1gszolg%C3%A1ltat%C3%A1si%20szervezet%20v%C3%A1ltoz%C3%A1sai%20a%20polg%C3%A1ri%20kort%C3%B3l%20napjainkig_esk%C3%BCdtb%C3%ADr%C3%A1skod%C3%A1s_P%C3%A9terv%C3%A1ri_M%C3%A1t%C3%A9.pdf</subfield>
   <subfield code="z">Dokumentum-elérés </subfield>
  </datafield>
  <datafield tag="856" ind1="4" ind2="0">
   <subfield code="u">https://eta.bibl.u-szeged.hu/4255/57/felirat.vtt</subfield>
   <subfield code="z">Dokumentum-elérés </subfield>
  </datafield>
  <datafield tag="856" ind1="4" ind2="0">
   <subfield code="u">https://eta.bibl.u-szeged.hu/4255/58/felirat.html</subfield>
   <subfield code="z">Dokumentum-elérés </subfield>
  </datafield>
 </record>
</collection>
